Charles Dickens: (Record no. 207057)
[ view plain ]
| 000 -LEADER | |
|---|---|
| fixed length control field | 00561nam a22001817a 4500 |
| 005 - DATE AND TIME OF LATEST TRANSACTION | |
| control field | 20210512172313.0 |
| 008 - FIXED-LENGTH DATA ELEMENTS--GENERAL INFORMATION | |
| fixed length control field | 210512b ||||| |||| 00| 0 eng d |
| 020 ## - INTERNATIONAL STANDARD BOOK NUMBER | |
| International Standard Book Number | 9780745968513 |
| 040 ## - CATALOGING SOURCE | |
| Transcribing agency | DLC |
| 050 ## - LIBRARY OF CONGRESS CALL NUMBER | |
| Classification number | PR 4575 HOO |
| Item number | 2017 |
| 100 ## - MAIN ENTRY--PERSONAL NAME | |
| Personal name | Hooper, Keith. |
| Dates associated with a name | 1812 - 1870 |
| 245 ## - TITLE STATEMENT | |
| Title | Charles Dickens: |
| Remainder of title | |b Faith, Angels and the poor/ |
| Statement of responsibility, etc. | |c Keith Hooper. |
| Medium | |
| 260 ## - PUBLICATION, DISTRIBUTION, ETC. | |
| Place of publication, distribution, etc. | Oxford: |
| Name of publisher, distributor, etc. | Lion Books, |
| Date of publication, distribution, etc. | 2017. |
| 300 ## - PHYSICAL DESCRIPTION | |
| Extent | 239 pages. ; |
| Dimensions | |c 20cm |
| 504 ## - BIBLIOGRAPHY, ETC. NOTE | |
| Bibliography, etc. note | Includes bibliographical references. |
| 650 ## - SUBJECT ADDED ENTRY--TOPICAL TERM | |
| Topical term or geographic name entry element | Dickens, Charles 1812 - 1812. |
| 999 ## - | |
| -- | 207057 |
| -- | 207057 |
| 942 ## - ADDED ENTRY ELEMENTS (KOHA) | |
| Koha item type | Book |
| Withdrawn status | Lost status | Source of classification or shelving scheme | Damaged status | Not for loan | Home library | Current library | Shelving location | Date acquired | Total Checkouts | Full call number | Barcode | Date last seen | Copy number | Price effective from | Koha item type |
|---|---|---|---|---|---|---|---|---|---|---|---|---|---|---|---|
| Library of Congress Classification | Kitwe Library | Kitwe Library | On Shelf | 05/12/2021 | PR 4575 HOO 2017 | 33729005054254 | 05/12/2021 | 1 | 05/12/2021 | Book |